000 01324nam a2200253Ia 4500
999 _c4884
_d4884
003 OSt
005 20200429103805.0
008 191128s2005 ck gr 000 0dspa d
020 _a9588181364
040 _aCO-JMCR
_cCO-JMCR
041 0 _aspa
082 0 4 _a304.4 /
_bE716m
100 1 _aEscobar, Arturo,
_eautor
_91595
245 1 0 _aMás allá del tercer mundo :
_bglobalización y diferencia /
_cArturo Escobar
260 _aBogotá :
_bInstituto Colombiano de Antropología e historia Universidad del Cauca,
_c2005
300 _a273 páginas ;
_c23 cm.
504 _abibliografía: páginas 257-273.
505 _aMás allá del tercer mundo: globalidad imperial colonialidad global y movimientos sociales contra la globalización --Desplazamientos, desarrollo y modernidad en el pacífico colombiano -- <<Mundos y conocimientos de otro modo>>: el programa de investigación
520 _aEste volumen puede ser visto como una continuación de El Final del Salvaje. Publicado hace ya hace cinco años, El Final sólo alcanzó a apuntar tímidamente a varias de las temáticas que aquí se desarrollan en profundidad
650 1 4 _aCambio social
_xGlobalización y cultura.
_93607
650 2 4 _aMovimientos sociales
_xModernidad
_93608
650 2 4 _aLuchas sociales
_xCultura y desarrollo
_93609
942 _2ddc
_cBK